Os 20 jogos mais vendidos do Nintendo Switch - Statistics

Estatísticas Gerais
  • Esse quiz foi jogado 8 vezes
  • A pontuação média é 5 de 20
Estatísticas das Respostas
Posição Resposta Vendas (Mi) Ano de Lançamento % Correto
1 Mario Kart 8 Deluxe 68,86 2017
75%
4 The Legend of Zelda: Breath of The Wild 33,04 2017
63%
16 Pokémon Legends: Arceus 14,83 2022
50%
14 Pokémon: Let's Go Pikachu! & Let's Go, Eevee! 15,07 2018
50%
5 Super Mario Odyssey 29,50 2017
50%
8 The Legend of Zelda: Tears of The Kingdom 21,93 2023
50%
12 Super Mario Bros. Wonder 16,03 2023
38%
3 Super Smash Bros. Ultimate 36,55 2018
38%
6 Pokémon Scarlet & Violet 27,15 2022
25%
7 Pokémon Sword & Shield 26,84 2019
25%
19 Splatoon 2 13,60 2017
25%
2 Animal Crossing: New Horizons 48,19 2020
13%
17 Luigi's Mansion 3 14,25 2019
13%
20 Super Mario 3D World + Bowser's Fury 13,47 2021
13%
9 Super Mario Party 21,19 2018
13%
18 Mario Party Superstars 14,00 2021
0%
10 New Super Mario Bros. U Deluxe 18,36 2019
0%
11 Nintendo Switch Sports 16,38 2022
0%
15 Pokémon Brilliant Diamond & Shining Pearl 15,06 2021
0%
13 Ring Fit Adventure 15,38 2019
0%
Nenhum quiz correspondente encontrado
Distribuição das Pontuações
Porcentagem de Pessoas com Cada Pontuação
Percentil de Números Respondidos
Sua Pontuação Histórica
Você não jogou esse quiz